| 000 | 01885nam2a2200277 4500 | ||
|---|---|---|---|
| 001 | RU\NLR\BIBL_A\011452934 | ||
| 005 | 20250626071012.0 | ||
| 010 |
_a5-463-00014-x _91000 |
||
| 035 | _a(NLR Aleph) 011452934 | ||
| 090 |
_a11762807 _c11762807 |
||
| 100 | _a20170810d2005 |||y0rusy50 ca | ||
| 101 | 0 | _arus | |
| 102 | _aRU | ||
| 105 | _aa z 001zy | ||
| 200 | 1 | _aЛекарственные растения, используемые в народной медицине | |
| 210 |
_d2005 _aБ. м. |
||
| 215 |
_a223 с. _cцв. ил. |
||
| 320 | _aБиблиогр.: с. 210-215 | ||
| 320 | _aУказатели: рус. названий растений, грибов, продуктов животного и минерального происхождения, латинских названий растений, грибов, животных, якутских названий растений, животных и продуктов минерального происхождения: с. 216-222 | ||
| 461 | 0 |
_1001RU\NLR\bibl\601879 _12001#$aАтлас лекарственных растений Якутии$fРос. акад. наук. Сиб. отд-ние, Ин-т биол. пробл. криолитозоны$g[Сост.: Л.В. Кузнецова и др.]$gОтв. ред. д.с.-х.н. Б.И. Иванов$vТ. 2 _91729927 _cЯкутск _d2003 _fРос. акад. наук. Сиб. отд-ние, Ин-т биол. пробл. криолитозоны _nЯФ Изд-ва СО РАН _tАтлас лекарственных растений Якутии _vТ. 2 |
|
| 606 | 1 |
_aЛекарственные растения _jАтласы _xПрименение в народной медицине _91485636 _3RU\NLR\AUTH\66635562 |
|
| 686 | 1 | _aР359.2я61 | |
| 942 | _cBOOK | ||
| 980 | _aNB | ||